00271nam a2200121Ia 45000030006000000080041000060400015000471000019000622450030000812600009001115460012001200050017001320STCL150530s9999 xx 000 0 und d aSTCLcSTCL aHazel Rossotti aStudy of ionic equilibria c1978 aEnglish20220125170240.0